00985 2200313 4500001002100000005001500021035002000036007000300056008004100059020001800100040002200118082001700140084001900157100002900176245011600205250002900321300003000350500004500380650003400425700002400459700003400483850001200517041001300529264003500542336002100577337003000598338002300628990002000651INLIS00000000086286620210726012504 a0010-0721001101ta210726s2008 jki gr f ind d a979-1238-64-9 aYOPDYOGbinderda04223a899.2213 a899.2213 SAS p1 aSasson, Jean P.epenulis14aThe princess Sultana's daughters /cpenulis, Jean P. Sasson; penerjemah, Milfana; penyunting, Haryati Chaerudin aCetakan I, Februari 2008 axvi, 386 halaman ;c19 cm aJudul asli: Princess Sultana's daughters 4aFiksi Indonesia--xTerjemahan0 aMilfanaepenerjemah0 aHaryati Chaerudinepenyunting aYOPDYOG aIndgeng31aJakarta :bRamala Books,c2008 2rdacontentateks 2rdamediaatanpa perantara 2rdacarrieravolume a67363-PD/A.2021